Manual de monitoreo : (Registro nro. 3911)

Detalles MARC
000 -CABECERA
Campo de control 01081cam a2200277 i 4500
005 - FECHA Y HORA DE LA ULTIMA TRANSACCION
Campo de control 20171107101625.0
008 - ELEMENTOS DE LONGITUD FIJA—INFORMACION GENERAL
Campo de control 040707s2001 ec ad r 000 0 spa d
015 ## - NATIONAL BIBLIOGRAPHY NUMBER
National bibliography number NNN
020 ## - ISBN
ISBN 9978419632
040 ## - FUENTE DE CATALOGACIÓN
Agencia catalogadora original CO-BoPUJ
Agencia transcriptora CO-BoIAVH
Agencia Modificadora CO-BoIAVH
041 0# - IDIOMA
Código de idioma para texto/pista de sonido o título separado Español
043 ## - GEOGRAPHIC AREA CODE
Geographic area code s-ec---
082 04 - NUMERO DE CLASIFICACION DECIMAL DEWEY
Número de clasificación 595.76
Número del ítem C39m
100 1# - ASIENTO PRINCIPAL--NOMBRE PERSONAL
Nombre personal Celi, Jorge
9 (RLIN) 21042
245 10 - MENCION DE TITULO
Título Manual de monitoreo :
Parte restante del título los escarabajos peloteros como indicadores de la calidad ambiental /
Mención de responsabilidad Jorge Celi y Andrea Dávalos
246 30 - FORMA VARIANTE DEL TITULO
Título propiamente dicho/forma breve del título Escarabajos peloteros como indicadores de la calidad ambiental
260 ## - PUBLICACION, DISTRIBUCION, ETC. (PIE DE IMPRENTA)
Lugar de publicación, distribución, etc. Quito :
Nombre del editor, distribuidor, etc. EcoCiencia,
Fecha de publicación, distribución, etc. 2001.
300 ## - DESCRIPCION FISICA
Extensión 71 p. :
Otros detalles físicos il., tablas ;
Dimensiones 30 cm. +
Material acompañante 1 lámina plegable (34 x 51 cm. plegable a 16 x 26 cm.)
504 ## - NOTA DE BIBLIOGRAFIA, ETC.
Nota de bibliografía Incluye referencias bibliográficas (p. 67).
650 24 - ASIENTO SECUNDARIO DE MATERIA - TERMINO TEMATICO
Término temático o nombre geográfico como elemento de entrada Escarabajos
Subdivisión de forma Clasificació
Subdivisión geográfica Ecuador
9 (RLIN) 52446
650 24 - ASIENTO SECUNDARIO DE MATERIA - TERMINO TEMATICO
Término temático o nombre geográfico como elemento de entrada Indicadores (biología)
Subdivisión geográfica Ecuador
9 (RLIN) 52447
650 24 - ASIENTO SECUNDARIO DE MATERIA - TERMINO TEMATICO
Término temático o nombre geográfico como elemento de entrada Monitores ambientales
Subdivisión geográfica Ecuador
9 (RLIN) 52448
700 1# - ASIENTO SECUNDARIO - NOMBRE PERSONAL
Nombre personal Dávalos, Andrea,
Término de relación autor.
9 (RLIN) 21046
710 2# - ASIENTO SECUNDARIO - NOMBRE CORPORATIVO
9 (RLIN) 7171
Nombre corporativo o de jurisdicción como elemento de entrada Fundación Ecuatoriana de Estudios Ecológicos
942 ## - ELEMENTOS ADICIONALES (KOHA)
Sistema de clasificación Dewey Decimal Classification
Tipo de ítem Libro
Existencias
Withdrawn status Lost status Sistema de Clasificación Damaged status No para préstamo Colección Inventariado Ubicación Permanente Ubicación actual Fecha de adquisición Fuente de Valor Valor Total Checkouts Número topográfico Inventario / Código de Barras Date last seen Date checked out Ejemplar Price effective from Tipo de material Forma de adquisición
    Dewey Decimal Classification     General Inventariado 2017 Bogotá Bogotá 08/06/2004 Instituto 39000.00 1 LB-595.76 C39m 015998 04/10/2018 04/10/2018 Ej.1 04/12/2012 Libro  
    Dewey Decimal Classification     General Inventariado 2017 Sala Fabio Quevedo Sala Fabio Quevedo 02/07/2004 Instituto 39000.00   LB-595.76 C39m 015778 04/12/2012   Ej. 2 04/12/2012 Libro Donación